| 000 | 00458nam a2200181Ia 4500 | ||
|---|---|---|---|
| 005 | 20250508151658.0 | ||
| 008 | 008 250505s9999 xx 000 0 eng d | ||
| 037 | _aBooks to be hide in OPAC | ||
| 040 |
_aFEDL _beng _cFEDL |
||
| 041 |
_aeng _2eng |
||
| 084 |
_a509, BER/O _qFEDL |
||
| 100 | _aBernal J D | ||
| 245 | 0 | _aScience in history | |
| 260 | _c1954 | ||
| 300 | _axxiv,967p. | ||
| 942 |
_cHB _h509, BER/O |
||
| 999 |
_c1331389 _d1331389 |
||